Nagła śmierć - kraje które mają Euro. - Statystyki

Ogólne statystyki
  • Ten quiz został rozwiązany 347 razy
  • Średni wynik to 8 z 20
Answers on the Grid
Answers color-coded by a green-red scale on the quiz's grid according to % correct below.
Polska
Włochy
Szwajcaria
Czechy
Austria
Francja
Grecja
Islandia
Turcja
Malta
Niemcy
Irlandia
Rosja
Estonia
Cypr
Dania
Białoruś
Szwecja
Portugalia
Maroko
Litwa
Indie
Hiszpania
Andora
Chorwacja
Belgia
Słowenia
Chiny
Słowacja
Meksyk
Łotwa
Królestwo Niderlandów
Kazachstan
Luksemburg
Ukraina
Watykan
Brazylia
Finlandia
Albania
Tunezja
 
Statystyki odpowiedzi
Odpowiedź % Poprawnych
Włochy
89%
Francja
71%
Niemcy
68%
Austria
61%
Grecja
60%
Portugalia
40%
Hiszpania
38%
Malta
36%
Estonia
35%
Chorwacja
31%
Irlandia
31%
Belgia
27%
Luksemburg
26%
Litwa
25%
Słowacja
25%
Łotwa
23%
Cypr
21%
Słowenia
20%
Królestwo Niderlandów
17%
Finlandia
16%
Nie znaleziono quizów pasujących do podanych kryteriów
Rozkład punktacji
Procent ludzi z każdym wynikiem
Percentyl według liczby udzielonych odpowiedzi
Twoja historia wyników
Nie rozwiązałeś tego quizu